| 000 | 00698nam a22002177a 4500 | ||
|---|---|---|---|
| 005 | 20251108172735.0 | ||
| 008 | 250721s2000 xx 000 0 ara d | ||
| 082 | 1 | 4 | _a006.6/مسل |
| 100 | 1 |
_aمسلم، حنان _eمؤلف |
|
| 245 | 1 | 0 | _aالمرجع الشامل في Corel Draw 9 / |
| 264 | 1 |
_aعمان : _bدار الرضا، _c2000. |
|
| 300 | _a600ص. | ||
| 490 | 0 |
_aسلسلة الرضا للمعلومات _v46 |
|
| 650 | 1 | 7 | _aالرسم بمساعدة الحاسوب |
| 650 | 1 | 7 | _aتطبيقات الحاسوب |
| 650 | 1 | 7 | _aعلم الحاسوب |
| 700 | 1 |
_aسعيد، سامر _eمؤلف |
|
| 700 | 1 |
_aالنقري، مصعب _eمؤلف |
|
| 942 |
_2ddc _cBK |
||
| 999 |
_c87315 _d87315 |
||